[Event "ChessOrg Schachfestival 2024 Bad Wörishofen"]
[White "James, Kevin"]
[Black "Heller, Achim"]
[Site "Bad Woerishofen"]
[Round "6.23"]
[Annotator "wempe"]
[Result "0-1"]
[Date "2024.??.??"]
[WhiteElo "1892"]
[BlackElo "2040"]
[PlyCount "72"]
[GameId "2106424943049039"]
[EventDate "2024.03.13"]

1. d4 d5 2. c4 e6 3. Nc3 Nf6 4. cxd5 exd5 5. Bg5 Be7 6. e3 O-O 7. Bd3 Re8 8. Qc2 h6 9. Bh4 c5 10. Nf3 Nc6 11. O-O Nb4 12. Qd2 Nxd3 13. Qxd3 c4 14. Qd2 Bf5 15. Ne5 g5 16. Bg3 Bb4 17. f3 Nd7 18. e4 Nxe5 19. dxe5 dxe4 20. Qxd8 Raxd8 21. Nxe4 Bxe4 22. fxe4 Bc5+ 23. Kh1 Bd4 24. Rf5 Bxb2 25. Raf1 Re7 26. h4 Rd3 27. Kh2 Rxg3 28. Kxg3 Bxe5+ 29. Kg4 f6 30. hxg5 hxg5 31. Rc1 b5 32. a4 a6 33. Rb1 Rb7 34. Rxe5 fxe5 35. Kf5 b4 36. Kxe5 c3 0-1

[Event "ChessOrg Schachfestival 2024 Bad Wörishofen"]
[White "Steinhart, Matthias"]
[Black "Eschle, Hubert"]
[Site "Bad Woerishofen"]
[Round "6.24"]
[Annotator "wempe"]
[Result "0-1"]
[Date "2024.??.??"]
[WhiteElo "1768"]
[BlackElo "1860"]
[PlyCount "76"]
[GameId "2106425545902424"]
[EventDate "2024.03.13"]

1. e4 c5 2. Nf3 e6 3. d4 cxd4 4. Nxd4 Nf6 5. Nc3 d6 6. g4 h6 7. Be3 a6 8. f3 Be7 9. Qd2 Nfd7 10. O-O-O Qc7 11. h4 Nc6 12. Be2 b5 13. a3 Nce5 14. g5 h5 15. f4 Nc4 16. Bxc4 Qxc4 17. g6 Nf6 18. gxf7+ Kxf7 19. Nf3 Rd8 20. Ng5+ Kg8 21. Qd4 Qc7 22. Qb6 Qxb6 23. Bxb6 Rf8 24. Bd4 Ng4 25. Rdf1 Bd7 26. Ne2 Rac8 27. Bc3 g6 28. Nd4 e5 29. fxe5 dxe5 30. Nde6 Rxf1+ 31. Rxf1 Bxe6 32. Nxe6 Bxh4 33. Rd1 Be7 34. Rd7 Kf7 35. Rc7 Rxc7 36. Nxc7 h4 37. Be1 h3 38. Bg3 Bh4 0-1

[Event "ChessOrg Schachfestival 2024 Bad Wörishofen"]
[White "Kretschel, Klaus"]
[Black "Halli, Gerhard"]
[Site "Bad Woerishofen"]
[Round "6.25"]
[Annotator "wempe"]
[Result "1/2-1/2"]
[Date "2024.??.??"]
[WhiteElo "2004"]
[BlackElo "1928"]
[PlyCount "80"]
[GameId "2106426163509604"]
[EventDate "2024.03.13"]

1. e4 d5 2. exd5 Qxd5 3. d4 c6 4. Nc3 Qa5 5. Nf3 Nf6 6. Be2 Bf5 7. O-O e6 8. Ne5 Nbd7 9. Nc4 Qd8 10. a4 Nb6 11. Ne3 Bg6 12. a5 Nbd5 13. Ncxd5 Nxd5 14. Nxd5 Qxd5 15. c4 Qd7 16. Bf3 Be7 17. d5 cxd5 18. cxd5 e5 19. Re1 Bd6 20. Be3 O-O 21. g3 Qb5 22. b3 b6 23. Be2 Qb4 24. Ra4 Qc3 25. axb6 axb6 26. Rc4 Qb2 27. Bd3 b5 28. Rc1 Rab8 29. Re2 Qa3 30. Rec2 Qxb3 31. Bxg6 hxg6 32. Rb1 Qa4 33. Qc1 b4 34. Rc6 Rfd8 35. Bb6 Rd7 36. Ra1 Qb3 37. Rc8+ Kh7 38. Rxb8 Bxb8 39. Qc8 Rxd5 40. Qh3+ Kg8 1/2-1/2

[Event "ChessOrg Schachfestival 2024 Bad Wörishofen"]
[White "Hilbenz, Guntram"]
[Black "Heppell, Ian"]
[Site "Bad Woerishofen"]
[Round "6.26"]
[Annotator "wempe"]
[Result "0-1"]
[Date "2024.??.??"]
[WhiteElo "1871"]
[BlackElo "1944"]
[PlyCount "34"]
[GameId "2106432290920813"]
[EventDate "2024.03.13"]

1. Nf3 d6 2. d4 Bg4 3. Bf4 Nd7 4. Nbd2 e6 5. h3 Bh5 6. c3 Be7 7. Qb3 Rb8 8. e4 Ngf6 9. Bd3 a6 10. a4 Bg6 11. Qc2 Rc8 12. O-O O-O 13. b4 c5 14. bxc5 dxc5 15. d5 c4 16. Nxc4 exd5 17. exd5 Rxc4 0-1

[Event "ChessOrg Schachfestival 2024 Bad Wörishofen"]
[White "Larem, Ewald"]
[Black "Wulf, Juergen"]
[Site "Bad Woerishofen"]
[Round "6.27"]
[Annotator "wempe"]
[Result "1-0"]
[Date "2024.??.??"]
[WhiteElo "1977"]
[BlackElo "1885"]
[PlyCount "119"]
[GameId "2106433007384951"]
[EventDate "2024.03.13"]

1. d4 Nf6 2. c4 e6 3. Nc3 Bb4 4. Qc2 c5 5. dxc5 Nc6 6. Nf3 Bxc5 7. e3 O-O 8. Be2 b6 9. O-O d5 10. Rd1 Qe7 11. cxd5 Nb4 12. Qd2 Nbxd5 13. a3 Nxc3 14. Qxc3 a5 15. b3 Bb7 16. Bb2 Rfd8 17. Ne5 Rxd1+ 18. Bxd1 Ne4 19. Qc2 Rc8 20. Qe2 Rd8 21. Nd3 Ba6 22. Bc2 f5 23. b4 axb4 24. axb4 Bxd3 25. Bxd3 Bxb4 26. Bxe4 fxe4 27. Qg4 h6 28. Qxe4 Bc5 29. g3 Qd7 30. h4 Qd5 31. Qg6 e5 32. Ra7 Bf8 33. e4 Qd6 34. Qf7+ Kh8 35. Qh5 Qd1+ 36. Qxd1 Rxd1+ 37. Kg2 Bd6 38. Rd7 Rb1 39. Bc3 Rb3 40. Rxd6 Rxc3 41. Rxb6 Rc5 42. Rd6 Rc8 43. h5 Kg8 44. Rd7 Kf8 45. Kf3 Rc6 46. Kg4 Rf6 47. f3 g5 48. hxg6 Rxg6+ 49. Kh3 Rf6 50. Kg2 Ke8 51. Ra7 Kf8 52. Kf2 Rb6 53. Ra5 Rb2+ 54. Kg1 Rb3 55. Kg2 Rb2+ 56. Kh3 Rb3 57. Kg4 h5+ 58. Kxh5 Rxf3 59. Kg4 Rf1 60. Rxe5 1-0

[Event "ChessOrg Schachfestival 2024 Bad Wörishofen"]
[White "Gerl, Hans"]
[Black "Kurpiela, Franz"]
[Site "Bad Woerishofen"]
[Round "6.28"]
[Annotator "wempe"]
[Result "1-0"]
[Date "2024.??.??"]
[WhiteElo "1965"]
[BlackElo "1800"]
[PlyCount "43"]
[GameId "2106433772788096"]
[EventDate "2024.03.13"]

1. d4 Nf6 2. c4 e6 3. Nf3 d5 4. Qb3 Nc6 5. Bg5 h6 6. Bh4 Be7 7. e3 O-O 8. Nbd2 Bd7 9. Bxf6 dxc4 10. Bxe7 cxb3 11. Bxd8 Rfxd8 12. axb3 Nb4 13. Rc1 Bc6 14. Be2 f6 15. O-O e5 16. dxe5 fxe5 17. Rfd1 e4 18. Nd4 Rd6 19. Nxc6 Nxc6 20. Bb5 Re6 21. Bxc6 Rxc6 22. Nxe4 1-0

[Event "ChessOrg Schachfestival 2024 Bad Wörishofen"]
[White "Speicher, Franz"]
[Black "Stern, Robert"]
[Site "Bad Woerishofen"]
[Round "6.29"]
[Annotator "wempe"]
[Result "1/2-1/2"]
[Date "2024.??.??"]
[WhiteElo "1885"]
[BlackElo "1962"]
[PlyCount "65"]
[GameId "2106713576933769"]
[EventDate "2024.03.13"]

1. e4 e6 2. d4 d5 3. e5 c5 4. c3 Nc6 5. Nf3 Bd7 6. Be2 Nge7 7. Na3 cxd4 8. cxd4 Ng6 9. Nc2 Be7 10. h4 Nxh4 11. Nxh4 Bxh4 12. Qd3 Bg5 13. f4 Bh4+ 14. g3 Be7 15. Bd2 Qb6 16. b4 Nxb4 17. Nxb4 Bxb4 18. Rb1 Bxd2+ 19. Kxd2 Qa5+ 20. Ke3 Bc6 21. Qc2 a6 22. Rxh7 Rxh7 23. Qxh7 O-O-O 24. Qc2 Qa4 25. Qb2 Qa5 26. Rc1 Rd7 27. Rc5 Qe1 28. Kf3 Qh1+ 29. Kf2 Qh2+ 30. Kf3 Rc7 31. Qb4 Qh1+ 32. Kf2 Qh2+ 33. Kf3 1/2-1/2

[Event "ChessOrg Schachfestival 2024 Bad Wörishofen"]
[White "Hinz, Holger"]
[Black "Lange, Manfred"]
[Site "Bad Woerishofen"]
[Round "6.31"]
[Annotator "wempe"]
[Result "1-0"]
[Date "2024.??.??"]
[WhiteElo "2001"]
[BlackElo "2036"]
[PlyCount "85"]
[GameId "2106714916485531"]
[EventDate "2024.03.13"]

1. e4 c5 2. Nf3 Nc6 3. d3 g6 4. g3 Bg7 5. Bg2 d6 6. O-O Bd7 7. Re1 Nf6 8. Nbd2 O-O 9. e5 dxe5 10. Nxe5 Nxe5 11. Rxe5 Bg4 12. Qe1 Qd7 13. Nb3 b6 14. Bxa8 Rxa8 15. Rxe7 Qc6 16. Nd2 Nd5 17. Re4 Nf6 18. f3 Nxe4 19. Qxe4 Bd7 20. Nc4 Re8 21. Qxc6 Bxc6 22. Kf2 b5 23. Ne3 b4 24. a3 b3 25. c3 Rd8 26. Ke2 Bb5 27. Nc4 Re8+ 28. Be3 Bxc4 29. dxc4 a5 30. a4 f5 31. Rd1 Bh6 32. Rd3 g5 33. Kf2 f4 34. Bxc5 fxg3+ 35. hxg3 g4 36. f4 Rc8 37. Rd5 Bg7 38. Bd4 Bxd4+ 39. Rxd4 Rc5 40. Rd5 Rxc4 41. Rxa5 h5 42. Rxh5 Rxa4 43. Rb5 1-0

[Event "ChessOrg Schachfestival 2024 Bad Wörishofen"]
[White "Kolas, Matija"]
[Black "Wegemund, Hubert"]
[Site "Bad Woerishofen"]
[Round "6.32"]
[Annotator "wempe"]
[Result "1-0"]
[Date "2024.??.??"]
[WhiteElo "1872"]
[BlackElo "1963"]
[PlyCount "59"]
[GameId "2106718398785986"]
[EventDate "2024.03.13"]

1. d4 d6 2. e3 f5 3. f4 Nf6 4. Nf3 g6 5. c3 Bg7 6. Bc4 d5 7. Bd3 c6 8. O-O Be6 9. Nbd2 Nbd7 10. Ng5 Bg8 11. Ngf3 h6 12. Ne1 Bf7 13. Ndf3 Nh7 14. Be2 Bf6 15. Nd3 e6 16. Bd2 g5 17. Nfe5 g4 18. c4 Be7 19. cxd5 cxd5 20. Nxf7 Kxf7 21. Ne5+ Ke8 22. Qc2 Rf8 23. Bxg4 Nxe5 24. fxe5 fxg4 25. Qxh7 Kd7 26. Bb4 a5 27. Bd6 b5 28. Rxf8 Qxf8 29. Rf1 Qe8 30. Rf7 1-0

[Event "ChessOrg Schachfestival 2024 Bad Wörishofen"]
[White "Harsch, Martin"]
[Black "Vonach, Bernhard"]
[Site "Bad Woerishofen"]
[Round "6.33"]
[Annotator "wempe"]
[Result "1-0"]
[Date "2024.??.??"]
[WhiteElo "1942"]
[BlackElo "1881"]
[PlyCount "31"]
[GameId "2106717414500777"]
[EventDate "2024.03.13"]

1. e4 e5 2. Nf3 Nc6 3. d4 exd4 4. Nxd4 Qh4 5. Nc3 Bb4 6. Be2 d6 7. O-O Nge7 8. Nf3 Qf6 9. Nd5 Nxd5 10. exd5 Ne5 11. Nxe5 dxe5 12. Bb5+ c6 13. dxc6 O-O 14. Bd3 Qxc6 15. Qe2 Qc7 16. Qe4 1-0

[Event "ChessOrg Schachfestival 2024 Bad Wörishofen"]
[White "Van Amerongen-Jansen, Peggy"]
[Black "Bertz, Uwe"]
[Site "Bad Woerishofen"]
[Round "6.34"]
[Annotator "wempe"]
[Result "1/2-1/2"]
[Date "2024.??.??"]
[WhiteElo "1938"]
[BlackElo "1880"]
[PlyCount "66"]
[GameId "2106717446285746"]
[EventDate "2024.03.13"]

1. e4 c5 2. Nf3 d6 3. d4 cxd4 4. Nxd4 g6 5. f4 Nf6 6. Nc3 Bg7 7. Nf3 O-O 8. Bd3 Nc6 9. a3 Bd7 10. O-O Rc8 11. Qe1 a6 12. Qh4 Qa5 13. Kh1 Qh5 14. Qxh5 Nxh5 15. Nd5 Be6 16. Nb6 Rcd8 17. f5 Bc8 18. Rb1 Nd4 19. Nxd4 Bxd4 20. Nxc8 Rxc8 21. c3 Be5 22. Bg5 Nf6 23. Rbe1 Kg7 24. Bc2 h6 25. Bxf6+ Bxf6 26. Bb3 g5 27. Bd5 Rc7 28. g3 b6 29. Kg2 Rfc8 30. Re2 a5 31. a4 Rb8 32. Ra1 Rc5 33. Ra3 Rc7 1/2-1/2

[Event "ChessOrg Schachfestival 2024 Bad Wörishofen"]
[White "Bauer, Wolfgang"]
[Black "Lie, Terje"]
[Site "Bad Woerishofen"]
[Round "6.35"]
[Annotator "wempe"]
[Result "1-0"]
[Date "2024.??.??"]
[WhiteElo "1936"]
[BlackElo "1594"]
[PlyCount "59"]
[GameId "2106718983817688"]
[EventDate "2024.03.13"]

1. c4 Nf6 2. Nc3 e6 3. e4 d5 4. e5 Ne4 5. Nf3 Bc5 6. d4 Nxc3 7. bxc3 Be7 8. Bd3 c6 9. O-O Nd7 10. Be3 O-O 11. Qc2 f5 12. exf6 Nxf6 13. Ne5 dxc4 14. Bxc4 Nd5 15. Bd3 Nf6 16. Bg5 h6 17. Bxf6 Rxf6 18. f4 Bd7 19. Rf2 Be8 20. Ng4 Rf8 21. Bc4 Qd6 22. Re1 Bd7 23. Qg6 Rf6 24. Nxf6+ Bxf6 25. f5 Kh8 26. fxe6 Be8 27. Qe4 Qe7 28. Rff1 Bh5 29. Bd3 Kg8 30. Qh7+ 1-0

[Event "ChessOrg Schachfestival 2024 Bad Wörishofen"]
[White "Kastner, Reinhard"]
[Black "Cerpnjak, Mirko"]
[Site "Bad Woerishofen"]
[Round "6.36"]
[Annotator "wempe"]
[Result "1-0"]
[Date "2024.??.??"]
[WhiteElo "1934"]
[BlackElo "1839"]
[PlyCount "67"]
[GameId "2106719597820385"]
[EventDate "2024.03.13"]

1. e4 e5 2. d4 exd4 3. c3 d5 4. exd5 Qxd5 5. cxd4 Nc6 6. Nf3 Bg4 7. Be2 O-O-O 8. Nc3 Qh5 9. Be3 Nf6 10. O-O Nd5 11. h3 Nxe3 12. fxe3 Be6 13. Qd2 Qg6 14. Bd3 Qg3 15. Ne4 Qg6 16. Nd6+ Rxd6 17. Bxg6 hxg6 18. Ng5 Nd8 19. Nxe6 Rxe6 20. Rae1 f5 21. d5 Re5 22. Qd4 Bd6 23. Rd1 b6 24. Rf3 Rhe8 25. Rc1 R8e7 26. a3 Re4 27. Qd3 a5 28. b4 axb4 29. Qa6+ Kb8 30. axb4 Bxb4 31. Ra1 Ba5 32. Rff1 Rxe3 33. Rxa5 bxa5 34. Rb1+ 1-0

[Event "ChessOrg Schachfestival 2024 Bad Wörishofen"]
[White "Hager, Eberhard"]
[Black "Bachmann, Rolf"]
[Site "Bad Woerishofen"]
[Round "6.37"]
[Annotator "wempe"]
[Result "0-1"]
[Date "2024.??.??"]
[WhiteElo "1863"]
[BlackElo "1917"]
[PlyCount "74"]
[GameId "2106720451881450"]
[EventDate "2024.03.13"]

1. e4 c5 2. Nf3 Nc6 3. d4 cxd4 4. Nxd4 d6 5. Nc3 Nf6 6. Be2 g6 7. Be3 Bg7 8. O-O O-O 9. f4 a6 10. f5 Qc7 11. fxg6 hxg6 12. Qd2 b5 13. Nxc6 Qxc6 14. Bf3 e5 15. Rad1 b4 16. Nd5 Nxd5 17. exd5 Qc4 18. Bh6 Bf5 19. Bxg7 Kxg7 20. Rc1 Rfc8 21. Bd1 Rc5 22. Rxf5 gxf5 23. Qg5+ Kf8 24. Qxf5 Ra7 25. Bh5 b3 26. axb3 Qd4+ 27. Kh1 Qf4 28. Qxf4 exf4 29. c4 Rb7 30. Rf1 Rxb3 31. Rxf4 Rc7 32. Rf2 Rcb7 33. g4 Rxb2 34. Rf6 Re7 35. Rf1 Ree2 36. Rxf7+ Kg8 37. Rf1 Rxh2+ 0-1

[Event "ChessOrg Schachfestival 2024 Bad Wörishofen"]
[White "Ellerbrock, Manfred"]
[Black "Loibl, Johann"]
[Site "Bad Woerishofen"]
[Round "6.38"]
[Annotator "wempe"]
[Result "0-1"]
[Date "2024.??.??"]
[WhiteElo "1917"]
[BlackElo "1843"]
[PlyCount "74"]
[GameId "2106721241201139"]
[EventDate "2024.03.13"]

1. d4 Nf6 2. c4 e5 3. dxe5 Ng4 4. Nf3 Bc5 5. e3 Nc6 6. a3 a5 7. Be2 O-O 8. O-O Re8 9. b3 Ngxe5 10. Bb2 Nxf3+ 11. Bxf3 Ne5 12. Bxe5 Rxe5 13. Nc3 Ra6 14. Nd5 Rh6 15. b4 Qh4 16. h3 Rg5 17. Bg4 Bd6 18. Qf3 Rhg6 19. g3 Rxg4 20. hxg4 Rxg4 21. Nf4 Be5 22. Rad1 d6 23. Kg2 Qf6 24. Nd3 Rxc4 25. Nxe5 Qxe5 26. Rd5 Qe8 27. Rd4 Rc3 28. Re4 Qc6 29. Rf4 Qxf3+ 30. Kxf3 Rxa3 31. bxa5 Rxa5 32. Rb1 b6 33. Rc4 Bb7+ 34. Kf4 g5+ 35. Kg4 Bc8+ 36. Kf3 g4+ 37. Ke2 Ba6 0-1

[Event "ChessOrg Schachfestival 2024 Bad Wörishofen"]
[White "Wunderlich, Frank"]
[Black "Zwetz, Anita"]
[Site "Bad Woerishofen"]
[Round "6.41"]
[Annotator "wempe"]
[Result "1/2-1/2"]
[Date "2024.??.??"]
[WhiteElo "1843"]
[BlackElo "1887"]
[PlyCount "73"]
[GameId "2106724121369104"]
[EventDate "2024.03.13"]

1. c4 e6 2. Nc3 d5 3. cxd5 exd5 4. d4 c6 5. Bf4 Nf6 6. e3 Qb6 7. Rb1 Bf5 8. Bd3 Bxd3 9. Qxd3 Nbd7 10. Nf3 Be7 11. O-O O-O 12. h3 Rfe8 13. a3 Bf8 14. b4 a6 15. Na4 Qb5 16. Qc2 a5 17. Nc5 axb4 18. Rxb4 Qa5 19. Ra4 Qd8 20. Nxb7 Qc8 21. Nd6 Bxd6 22. Bxd6 Ne4 23. Bf4 c5 24. Rxa8 Qxa8 25. dxc5 Ndxc5 26. Rd1 Qxa3 27. Rxd5 Qa1+ 28. Qd1 Qxd1+ 29. Rxd1 Nc3 30. Rd2 N5e4 31. Rc2 Ra8 32. Be5 Nd1 33. Ne1 f6 34. Bd4 Ra3 35. f3 Ng3 36. e4 Rb3 37. Bf2 1/2-1/2

[Event "ChessOrg Schachfestival 2024 Bad Wörishofen"]
[White "Hackbarth, Christa"]
[Black "Marian, Hartmut"]
[Site "Bad Woerishofen"]
[Round "6.43"]
[Annotator "wempe"]
[Result "1/2-1/2"]
[Date "2024.??.??"]
[WhiteElo "1833"]
[BlackElo "1992"]
[PlyCount "25"]
[GameId "2106725087382047"]
[EventDate "2024.03.13"]

1. d4 Nf6 2. Nf3 g6 3. Bf4 Bg7 4. e3 d6 5. h3 Nbd7 6. Be2 O-O 7. c3 e6 8. Na3 Re8 9. O-O b6 10. Qc2 Bb7 11. Rad1 a6 12. Nc4 Qe7 13. Bh2 1/2-1/2

[Event "ChessOrg Schachfestival 2024 Bad Wörishofen"]
[White "Kleinhenz, Hans-Georg"]
[Black "Nordby, Bernt"]
[Site "Bad Woerishofen"]
[Round "6.44"]
[Annotator "wempe"]
[Result "0-1"]
[Date "2024.??.??"]
[WhiteElo "1833"]
[BlackElo "1971"]
[PlyCount "59"]
[GameId "2106727487293992"]
[EventDate "2024.03.13"]

1. d4 Nf6 2. Nf3 g6 3. g3 Bg7 4. Bg2 O-O 5. O-O d6 6. b3 e5 7. Bb2 e4 8. Ne1 Re8 9. e3 h5 10. c4 Bf5 11. Nc3 Nbd7 12. Nc2 Nf8 13. Qd2 c6 14. Rae1 N8h7 15. d5 c5 16. b4 b6 17. Ra1 Qd7 18. Ne2 Ng5 19. Ne1 Bg4 20. f4 exf3 21. Nxf3 Nfe4 22. Qc1 Bxb2 23. Qxb2 Nxf3+ 24. Bxf3 Bxf3 25. Rxf3 Ng5 26. Rff1 Rxe3 27. Nf4 Qe7 28. Kg2 Qe4+ 29. Kg1 Nf3+ 30. Kg2 0-1

[Event "ChessOrg Schachfestival 2024 Bad Wörishofen"]
[White "Schoknecht, Sabine"]
[Black "Krasnopeyeva, Yuliya"]
[Site "Bad Woerishofen"]
[Round "6.45"]
[Annotator "wempe"]
[Result "0-1"]
[Date "2024.??.??"]
[WhiteElo "1816"]
[BlackElo "1950"]
[PlyCount "90"]
[GameId "2106727958284850"]
[EventDate "2024.03.13"]

1. b3 Nf6 2. Bb2 g6 3. e3 Bg7 4. Be2 d6 5. d3 c5 6. Nf3 Nbd7 7. Nc3 O-O 8. h4 h5 9. Ng5 Ne5 10. Qd2 Rb8 11. Nce4 Nxe4 12. Nxe4 Nc4 13. dxc4 Bxb2 14. Rd1 Bf5 15. Bd3 Bxe4 16. Bxe4 Bg7 17. Ke2 Qd7 18. Rdg1 f5 19. Bd3 e5 20. Ke1 e4 21. Be2 Be5 22. g3 Kh7 23. Rg2 Qg7 24. Kf1 Qf6 25. Qd1 a5 26. a4 Rbd8 27. Rhg1 Qf7 28. Rh2 d5 29. Qc1 d4 30. exd4 Rxd4 31. Kg2 Rfd8 32. Rd1 Bg7 33. Rxd4 Rxd4 34. Rh1 Bh6 35. Qb1 Rd2 36. Re1 f4 37. Bxh5 gxh5 38. c3 fxg3 39. Qxe4+ Kg8 40. Qe8+ Qxe8 41. Rxe8+ Kf7 42. Rh8 Kg7 43. Rb8 Rxf2+ 44. Kxg3 Bf4+ 45. Kxf2 Bxb8 0-1

[Event "ChessOrg Schachfestival 2024 Bad Wörishofen"]
[White "Schmitt, Karl"]
[Black "Willer, Walter"]
[Site "Bad Woerishofen"]
[Round "6.46"]
[Annotator "wempe"]
[Result "0-1"]
[Date "2024.??.??"]
[WhiteElo "1906"]
[BlackElo "1835"]
[PlyCount "48"]
[GameId "2106728739129915"]
[EventDate "2024.03.13"]

1. d4 d5 2. Nf3 e6 3. c4 c6 4. Qc2 f5 5. Bf4 Bd6 6. Bxd6 Qxd6 7. e3 Nh6 8. Bd3 O-O 9. Ne5 Nd7 10. Nxd7 Bxd7 11. Nd2 Ng4 12. h3 Nxe3 13. fxe3 Qg3+ 14. Kf1 f4 15. Nf3 fxe3 16. Rg1 Rf4 17. Bxh7+ Kh8 18. Bg6 Raf8 19. Bh5 e5 20. dxe5 Bxh3 21. Rh1 Rxf3+ 22. Bxf3 Rxf3+ 23. Ke2 Rf2+ 24. Kd3 Qg6+ 0-1

[Event "ChessOrg Schachfestival 2024 Bad Wörishofen"]
[White "Laustsen, Karl-Johan"]
[Black "Lein, Andreas"]
[Site "Bad Woerishofen"]
[Round "6.47"]
[Annotator "wempe"]
[Result "1/2-1/2"]
[Date "2024.??.??"]
[WhiteElo "1897"]
[BlackElo "1831"]
[PlyCount "79"]
[GameId "2106730813876805"]
[EventDate "2024.03.13"]

1. e4 c5 2. Nf3 Nc6 3. d4 cxd4 4. Nxd4 e5 5. Nb5 a6 6. Nd6+ Bxd6 7. Qxd6 Qf6 8. Qxf6 Nxf6 9. Nc3 Nb4 10. Bd3 d5 11. Bg5 Be6 12. a3 Nxd3+ 13. cxd3 d4 14. Ne2 Rc8 15. Kd2 h6 16. Bh4 Nd7 17. b4 f6 18. Rac1 Kf7 19. Rhf1 g5 20. Bg3 Ke7 21. f3 Nb6 22. Rxc8 Rxc8 23. Rc1 Rxc1 24. Kxc1 Na4 25. Kc2 b5 26. h3 Nb6 27. Be1 Na4 28. Bd2 Nb6 29. Ng3 Kf7 30. Ne2 Ke7 31. h4 Nd7 32. hxg5 hxg5 33. g3 Kd6 34. f4 gxf4 35. gxf4 Bg4 36. fxe5+ fxe5 37. Nc1 Be6 38. Bg5 Bf7 39. Bd8 Be6 40. Kd1 1/2-1/2

[Event "ChessOrg Schachfestival 2024 Bad Wörishofen"]
[White "Schmieder, Siegfried"]
[Black "Kumeth, Hartmut"]
[Site "Bad Woerishofen"]
[Round "6.48"]
[Annotator "wempe"]
[Result "1-0"]
[Date "2024.??.??"]
[WhiteElo "1892"]
[BlackElo "1830"]
[PlyCount "55"]
[GameId "2106731354708558"]
[EventDate "2024.03.13"]

1. e4 e5 2. f4 exf4 3. Bc4 Be7 4. Nf3 d6 5. d4 c6 6. Bxf4 Be6 7. Bd3 g5 8. Be3 g4 9. Ng1 Bh4+ 10. g3 Bg5 11. Qd2 Bxe3 12. Qxe3 Qb6 13. b3 Nd7 14. Qf2 O-O-O 15. Ne2 Ne7 16. Nd2 d5 17. c4 f5 18. Nf4 fxe4 19. Nxe6 exd3 20. Nxd8 Kxd8 21. O-O Rf8 22. Qe3 Nf5 23. Qg5+ Nf6 24. Qxf5 Qxd4+ 25. Qf2 Qc3 26. Rac1 Qe5 27. cxd5 Qxd5 28. Qc5 1-0

[Event "ChessOrg Schachfestival 2024 Bad Wörishofen"]
[White "Storkebaum, Ulrike"]
[Black "Kamm, Guenter"]
[Site "Bad Woerishofen"]
[Round "6.49"]
[Annotator "wempe"]
[Result "1-0"]
[Date "2024.??.??"]
[WhiteElo "1802"]
[BlackElo "1881"]
[PlyCount "45"]
[GameId "2106743143443045"]
[EventDate "2024.03.13"]

1. e4 c5 2. Nf3 Nc6 3. d4 cxd4 4. Nxd4 Nf6 5. Nc3 e5 6. Ndb5 d6 7. Bg5 a6 8. Na3 b5 9. Nd5 Be7 10. Bxf6 Bxf6 11. Be2 O-O 12. O-O Bg5 13. c3 g6 14. Nc2 Be6 15. Nce3 f5 16. exf5 gxf5 17. f4 exf4 18. Nxf4 Qb6 19. Qd2 Ne5 20. Kh1 Ng4 21. Bxg4 fxg4 22. Nxe6 Bxe3 23. Rxf8+ 1-0

[Event "ChessOrg Schachfestival 2024 Bad Wörishofen"]
[White "Di Lazzaro, Gabriele"]
[Black "Babenko, Aleksej"]
[Site "Bad Woerishofen"]
[Round "6.50"]
[Annotator "wempe"]
[Result "1-0"]
[Date "2024.??.??"]
[WhiteElo "1880"]
[BlackElo "1819"]
[PlyCount "77"]
[GameId "2106745972865659"]
[EventDate "2024.03.13"]

1. e4 e6 2. d4 d5 3. Nc3 Nf6 4. e5 Nfd7 5. f4 c5 6. Nf3 Nc6 7. Be3 cxd4 8. Nxd4 Nxd4 9. Bxd4 b6 10. Qg4 a6 11. Bd3 Nc5 12. Be2 Qe7 13. O-O b5 14. a3 f5 15. exf6 gxf6 16. Qh4 Nd7 17. Bh5+ Kd8 18. Rae1 Bb7 19. Bf3 Qg7 20. Rxe6 Bc5 21. Bxc5 Nxc5 22. Qxf6+ Qxf6 23. Rxf6 Ne4 24. Bxe4 dxe4 25. Re6 Kd7 26. Re5 Rae8 27. Rd1+ Kc7 28. Rxe8 Rxe8 29. Nd5+ Kc6 30. Ne3 Kc7 31. Kf2 Rf8 32. g3 Rd8 33. Rxd8 Kxd8 34. Nd1 Ke8 35. Nc3 Kf7 36. Ke3 Kg6 37. Nxe4 h5 38. f5+ Kg7 39. h3 1-0

[Event "ChessOrg Schachfestival 2024 Bad Wörishofen"]
[White "Wagner, Werner"]
[Black "Flockerzi, Armin"]
[Site "Bad Woerishofen"]
[Round "6.51"]
[Annotator "wempe"]
[Result "0-1"]
[Date "2024.??.??"]
[WhiteElo "1862"]
[BlackElo "1817"]
[PlyCount "124"]
[GameId "2106755760573060"]
[EventDate "2024.03.13"]

1. d4 d5 2. Nc3 c6 3. Bf4 Nd7 4. e3 g6 5. Nf3 Bg7 6. Bd3 Ngf6 7. Ne5 Nxe5 8. Bxe5 Nh5 9. Bxg7 Nxg7 10. Qe2 Qb6 11. O-O-O Be6 12. Kb1 a5 13. Na4 Qc7 14. e4 dxe4 15. Bxe4 O-O 16. g3 b6 17. Rhe1 Rfe8 18. Rd2 Rac8 19. Nc3 b5 20. Bxc6 Bc4 21. Nd5 Bxd5 22. Bxd5 e6 23. Be4 Qb6 24. g4 b4 25. Qf3 a4 26. Qd1 Red8 27. d5 b3 28. cxb3 axb3 29. a3 f5 30. gxf5 exf5 31. Bf3 Rd6 32. Re3 Rb8 33. Rdd3 Qa7 34. Rxb3 Rbd8 35. Qc2 f4 36. Rec3 Nf5 37. Rb4 Nd4 38. Qa4 Qxa4 39. Rxa4 Nxf3 40. Rxf3 g5 41. Rd4 Kf7 42. Rfd3 Kf6 43. b4 Ke5 44. Kc2 g4 45. Kd2 h5 46. Rc4 h4 47. Ke2 Re8 48. Rc7 Kf5+ 49. Kd2 f3 50. Rd4 Re2+ 51. Kd1 Rxf2 52. Rg7 Rg2 53. Ke1 g3 54. Rxh4 f2+ 55. Ke2 Rxd5 56. Rh5+ Kf6 57. Rxd5 Kxg7 58. Rg5+ Kf6 59. Rxg3 Rxh2 60. Rf3+ Ke5 61. Rd3 Ke4 62. Rf3 f1=Q+ 0-1

[Event "ChessOrg Schachfestival 2024 Bad Wörishofen"]
[White "Collins, Alan"]
[Black "Pichl, Michael"]
[Site "Bad Woerishofen"]
[Round "6.52"]
[Annotator "wempe"]
[Result "0-1"]
[Date "2024.??.??"]
[WhiteElo "1743"]
[BlackElo "1860"]
[PlyCount "54"]
[GameId "2106778616679053"]
[EventDate "2024.03.13"]

1. d4 g6 2. Nf3 Bg7 3. c3 d6 4. Bf4 Nd7 5. e3 e5 6. dxe5 dxe5 7. Bg3 Ne7 8. Nbd2 Nf5 9. Bc4 O-O 10. O-O c6 11. Ne4 Qc7 12. Nfg5 Nb6 13. Bxf7+ Rxf7 14. Qb3 Nh6 15. Rad1 Bg4 16. f3 Bf5 17. Nd6 Raf8 18. e4 Bc8 19. Nxc8 Qxc8 20. Rd3 c5 21. Qe6 Qxe6 22. Nxe6 c4 23. Rd2 Re8 24. Nxg7 Kxg7 25. Rfd1 Ree7 26. Bf2 Ng8 27. Bxb6 axb6 0-1

[Event "ChessOrg Schachfestival 2024 Bad Wörishofen"]
[White "Bjorgvik, Jan Arne"]
[Black "Grandl, Klaus"]
[Site "Bad Woerishofen"]
[Round "6.53"]
[Annotator "wempe"]
[Result "1/2-1/2"]
[Date "2024.??.??"]
[WhiteElo "1858"]
[BlackElo "1726"]
[PlyCount "101"]
[GameId "2106780229524119"]
[EventDate "2024.03.13"]

1. e4 e5 2. Nf3 d6 3. d4 exd4 4. Nxd4 Be7 5. Nc3 Nf6 6. Be2 h6 7. O-O Bd7 8. Bf3 Qc8 9. Re1 Nc6 10. Nxc6 Bxc6 11. e5 dxe5 12. Bxc6+ bxc6 13. Rxe5 Qd7 14. Qxd7+ Kxd7 15. Bf4 Rhe8 16. Rd1+ Bd6 17. h3 Rxe5 18. Bxe5 Re8 19. Bd4 a6 20. Na4 Kc8 21. Nb6+ cxb6 22. Bxf6 Be5 23. Bxe5 Rxe5 24. Kf1 Kc7 25. Rd2 f6 26. Re2 Kd6 27. Rxe5 Kxe5 28. Ke2 Ke4 29. g3 f5 30. f3+ Ke5 31. c3 f4 32. g4 g5 33. Kd3 b5 34. b4 Kd5 35. a3 c5 36. c4+ bxc4+ 37. Kc3 cxb4+ 38. axb4 Kc6 39. Kxc4 Kb6 40. Kc3 Kb5 41. Kb3 a5 42. bxa5 Kxa5 43. Kc4 Ka4 44. Kc3 Kb5 45. Kd3 Kc5 46. Kc3 Kd5 47. Kd3 Ke5 48. Kc4 Kd6 49. Kd4 Ke6 50. Ke4 Kd6 51. Kd4 1/2-1/2